000 00627nam a22002057a 4500
003 OSt
005 20151014184832.0
008 151014b xxu||||| |||| 00| 0 eng d
020 _a0415319609
040 _cDDC
082 _a338.9 CRA 2006
100 _aCraig, David; Porter, Doug
_95868
245 _aDevelopment Beyond Neoliberalism:
_bgovernance, poverty reduction and political econonmy
260 _aLondon;
_bRoutledge,
_c2006
300 _axii,340p;
_bill:
_c24cm
504 _aNotes, bibliographies, & index included
650 _aEconomic development
_9521
650 _aPoverty reduction
_95869
942 _2z
_cO_SHELF
999 _c2336
_d2336